| 000 | 00806nam a22002177a 4500 | ||
|---|---|---|---|
| 999 |
_c20018 _d20018 |
||
| 003 | AR-CdUCM | ||
| 008 | 190524b ||||| |||| 00| 0 spa d | ||
| 040 |
_aMUNICIPALIDAD PROVINCIAL DEL CUSCO _cBIBLIOTECA MUNICIPAL DEL CUSCO |
||
| 082 |
_a343.282 / _bV68 |
||
| 100 |
_aVigo, Salvador C. _941866 |
||
| 245 | _aReforma constitucional de Argentina / | ||
| 260 |
_aArgentina : _bParana, _c1950. |
||
| 300 |
_a540 páginas ; _c23 cm. |
||
| 505 | _aContenido : Derecho de constitucional, conceptos preliminares -- Consideraciones generales -- Elementos básicos del estado -- Fuentes de derecho constitucional... | ||
| 650 |
_aPoderes del estado _941867 |
||
| 650 |
_aGobierno federal _941868 |
||
| 650 |
_aPoder ejecutivo _98901 |
||
| 650 |
_aPoder judicial _96955 |
||
| 942 |
_2ddc _cLIBROS |
||
| 945 | _arcc | ||